00905nam a2200205 a 450000100100000000500170001000800410002704000250006824500830009326000720017630000260024849000540027450000210032850400730034970000410042271000600046383000530052395201060057699900170068200004119720201002034711.0130925s1966 sp 001 0 spa d aDO-SdBNPbspacBNPHU13aLa Colección Canónica Hispana /cestudio por González Martínez Díez. aMadrid :bConsejo Superior de Investigaciones Científicas,c1966. av. (344 p.) ;c24 cm.1 aMonumenta Hispaniae Sacra. Serie ;aCanónicav1 aIncluye índice aIncluye referencias bibliográficas y notas al pie de las páginas1 aMartínez Díez, González9677712 aConsejo Superior de Investigaciones Científicas94786 0aMonumenta Hispaniae Sacra.pCanónicav1967731 0010507-18MOaGRbGRcOId2013-09-25iLF1l0o p41197-10r2020-06-25w2020-06-25y1ZNo se presta c40687d40687